| 000 | 00439nam a22001697a 4500 | ||
|---|---|---|---|
| 999 |
_c64350 _d64350 |
||
| 005 | 20190725151123.0 | ||
| 020 |
_a8173051801 _c590.00 |
||
| 035 | _aB-164287 | ||
| 035 | _aB-164283, B-164275 | ||
| 035 | _aB-164284 | ||
| 037 | _adpl | ||
| 100 | _aVanamali | ||
| 245 |
_aSri Rama Lila/ _cVanamali |
||
| 260 |
_aNew Delhi _bAryan Books International _c2006 |
||
| 300 |
_a275p. _c24cms. |
||
| 942 |
_2ddc _cEN _h230.1 _mVAN |
||